Economic analysis of two rice production systemms in sangke didtrict, battambang province, វិភាគសេដ្ធកិច្ចលើប្រព័ន្ធផលិតកម្មដំណាំស្រូវតាមបច្ចេកទេសពីរបៀបផ្សេងៗគ្នានៅ ស្រុកសង្កែ ខេត្តបាត់ដំបង. (Record no. 1417)

000 -LEADER
fixed length control field 00739nam a22001337a 4500
040 ## - CATALOGING SOURCE
Transcribing agency RUA
082 ## - DEWEY DECIMAL CLASSIFICATION NUMBER
Classification number AGR.BB DIM 2010 B060 Or.1
100 ## - MAIN ENTRY--AUTHOR NAME
Personal name DIM, TRAVO.
245 ## - TITLE STATEMENT
Title Economic analysis of two rice production systemms in sangke didtrict, battambang province, វិភាគសេដ្ធកិច្ចលើប្រព័ន្ធផលិតកម្មដំណាំស្រូវតាមបច្ចេកទេសពីរបៀបផ្សេងៗគ្នានៅ ស្រុកសង្កែ ខេត្តបាត់ដំបង.
260 ## - PUBLICATION, DISTRIBUTION, ETC. (IMPRINT)
Place of publication PHNOM PHEN
Name of publisher rua
Year of publication 2010
300 ## - PHYSICAL DESCRIPTION
Number of Pages XIV,60p.
Other physical details ill.
Dimensions 29cm.
856 ## - ELECTRONIC LOCATION AND ACCESS
Uniform Resource Identifier https://drive.google.com/file/d/1Ap8mmGUnNeqtu6NMmfIH8ICSlegLWf-U/view?usp=sharing
942 ## - ADDED ENTRY ELEMENTS (KOHA)
Koha item type AGR.bb
952 ## - LOCATION AND ITEM INFORMATION (KOHA)
Withdrawn status [LOCAL, KOHA] 0
952 ## - LOCATION AND ITEM INFORMATION (KOHA)
Withdrawn status [LOCAL, KOHA] 0
952 ## - LOCATION AND ITEM INFORMATION (KOHA)
Withdrawn status [LOCAL, KOHA] 0
952 ## - LOCATION AND ITEM INFORMATION (KOHA)
Withdrawn status [LOCAL, KOHA] 0
952 ## - LOCATION AND ITEM INFORMATION (KOHA)
Withdrawn status [LOCAL, KOHA] 0
952 ## - LOCATION AND ITEM INFORMATION (KOHA)
Withdrawn status [LOCAL, KOHA] 0
952 ## - LOCATION AND ITEM INFORMATION (KOHA)
Withdrawn status [LOCAL, KOHA] 0
952 ## - LOCATION AND ITEM INFORMATION (KOHA)
Withdrawn status [LOCAL, KOHA] 0
952 ## - LOCATION AND ITEM INFORMATION (KOHA)
Withdrawn status [LOCAL, KOHA] 0
952 ## - LOCATION AND ITEM INFORMATION (KOHA)
Withdrawn status [LOCAL, KOHA] 0
952 ## - LOCATION AND ITEM INFORMATION (KOHA)
Withdrawn status [LOCAL, KOHA] 0
Holdings
Permanent Location Date acquired Koha item type Lost status Shelving location Barcode Current Location Full call number
Library Block B2015-09-28AGR.bb B060RUA009572Library Block BAGR.BB DIM 2010 B060 Or.1
Library Block B2015-09-28AGR.bb B060RUA018024Library Block BAGR.BB DIM 2010 B060 Or.2
Library Block B2015-09-28AGR.bb B060RUA018010Library Block BAGR.BB DIM 2010 B060 Or.3
Library Block B2015-09-28AGR.bb B060RUA009632Library Block BAGR.BB DIM 2010 B060 Or.4
Library Block B2015-09-28AGR.bb B060RUA001910Library Block BAGR.BB DIM 2010 B060 Or.5
Library Block B2015-09-28AGR.bb B060RUA001834Library Block BAGR.BB DIM 2010 B060 Or.6
Library Block B2015-09-28AGR.bb B060RUA001907Library Block BAGR.BB DIM 2010 B060 Or.7
Library Block B2015-09-28AGR.bb B060RUA001979Library Block BAGR.BB DIM 2010 B060 Or.8
Library Block B2015-09-28AGR.bb  RUA001739Library Block BAGR.BB DIM 2010 B060 Or.9
Library Block B2019-01-22AGR.bb B1.214A40345Library Block BAGR DIM 2010 B1.214 Or.1
Library Block B2019-02-06AGR B1.218A40713Library Block BAGR DIM 2010 B1.218 Or.2
មជ្ឈមណ្ឌលឯការនៃសាកលវិទ្យាល័យភូមិន្ទកសិកម្មចំការដូង

Powered by Koha